<?xml version="1.0" encoding="UTF-8"?>
<record
    xmlns:xsi="http://www.w3.org/2001/XMLSchema-instance"
    xsi:schemaLocation="http://www.loc.gov/MARC21/slim http://www.loc.gov/standards/marcxml/schema/MARC21slim.xsd"
    xmlns="http://www.loc.gov/MARC21/slim">

  <leader>01026cam a22002771  4500</leader>
  <controlfield tag="001">sa 68004089 </controlfield>
  <controlfield tag="003">DLC</controlfield>
  <controlfield tag="005">20260227112459.0</controlfield>
  <controlfield tag="008">711020s1962    ii ab    b    00010 eng  </controlfield>
  <datafield tag="010" ind1=" " ind2=" ">
    <subfield code="a">sa 68004089 //r85</subfield>
  </datafield>
  <datafield tag="025" ind1=" " ind2=" ">
    <subfield code="a">PL480:I-F-Fr-1</subfield>
  </datafield>
  <datafield tag="041" ind1="0" ind2=" ">
    <subfield code="a">engfre</subfield>
  </datafield>
  <datafield tag="043" ind1=" " ind2=" ">
    <subfield code="a">a-ii---</subfield>
  </datafield>
  <datafield tag="050" ind1="0" ind2=" ">
    <subfield code="a">Q2</subfield>
    <subfield code="b">.I485 t. 4, fasc. 1</subfield>
  </datafield>
  <datafield tag="100" ind1="1" ind2="0">
    <subfield code="a">Sastry, C. P.,</subfield>
    <subfield code="d">1927-</subfield>
  </datafield>
  <datafield tag="245" ind1="1" ind2="0">
    <subfield code="a">Outline of Andhra Pradesh agriculture;</subfield>
    <subfield code="b">aper&#xE7;u de l'agriculture en Andhra Pradesh</subfield>
    <subfield code="c">[by] C. P. Sastry &amp; M. Viart.</subfield>
  </datafield>
  <datafield tag="260" ind1="0" ind2=" ">
    <subfield code="a">Pondich&#xE9;ry,</subfield>
    <subfield code="b">Imprimerie de la Mission,</subfield>
    <subfield code="c">1962.</subfield>
  </datafield>
  <datafield tag="300" ind1=" " ind2=" ">
    <subfield code="a">vi, 62 p.</subfield>
    <subfield code="b">illus., map.</subfield>
    <subfield code="c">24 cm.</subfield>
  </datafield>
  <datafield tag="490" ind1="1" ind2=" ">
    <subfield code="a">Institut fran&#xE7;ais de Pondich&#xE9;ry. Travaux de la section scientifique et technique, t. 4, fasc. 1</subfield>
  </datafield>
  <datafield tag="500" ind1=" " ind2=" ">
    <subfield code="a">English and French.</subfield>
  </datafield>
  <datafield tag="504" ind1=" " ind2=" ">
    <subfield code="a">Bibliography: p. 61-62.</subfield>
  </datafield>
  <datafield tag="650" ind1=" " ind2="0">
    <subfield code="a">Agriculture</subfield>
    <subfield code="z">India</subfield>
    <subfield code="z">Andhra Pradesh.</subfield>
  </datafield>
  <datafield tag="700" ind1="1" ind2="0">
    <subfield code="a">Viart, M.,</subfield>
    <subfield code="e">joint author.</subfield>
  </datafield>
  <datafield tag="740" ind1=" " ind2="1">
    <subfield code="a">Aper&#xE7;u de l'agriculture en Andhra Pradesh.</subfield>
  </datafield>
  <datafield tag="830" ind1=" " ind2="0">
    <subfield code="a">Travaux de la Section scientifique et technique ;</subfield>
    <subfield code="v">t. 4.</subfield>
  </datafield>
  <datafield tag="999" ind1=" " ind2=" ">
    <subfield code="c">79965</subfield>
    <subfield code="d">79965</subfield>
  </datafield>
</record>
